<?xml version="1.0" encoding="UTF-8"?>
<marc:record xmlns:marc="http://www.loc.gov/MARC21/slim">
   <marc:leader>00000nam a2200000 a 4500</marc:leader>
   <marc:datafield ind1=" " ind2=" " tag="653">
      <marc:subfield code="a">Softcover / Sachbücher/Geschichte/Allgemeines</marc:subfield>
   </marc:datafield>
   <marc:datafield ind1=" " ind2=" " tag="653">
      <marc:subfield code="a">Nachschlagewerke</marc:subfield>
   </marc:datafield>
   <marc:datafield ind1=" " ind2=" " tag="653">
      <marc:subfield code="a">Bad Fischau-Brunn</marc:subfield>
   </marc:datafield>
   <marc:datafield ind1=" " ind2=" " tag="653">
      <marc:subfield code="a">Ehrenamt</marc:subfield>
   </marc:datafield>
   <marc:datafield ind1=" " ind2=" " tag="653">
      <marc:subfield code="a">Kultur</marc:subfield>
   </marc:datafield>
   <marc:datafield ind1=" " ind2=" " tag="653">
      <marc:subfield code="a">Region</marc:subfield>
   </marc:datafield>
   <marc:datafield ind1=" " ind2=" " tag="653">
      <marc:subfield code="a">Dorferneuerung</marc:subfield>
   </marc:datafield>
   <marc:datafield ind1="0" ind2="0" tag="245">
      <marc:subfield code="a">Bad Fischau-Brunn im Wandel der Zeit</marc:subfield>
   </marc:datafield>
   <marc:datafield ind1="0" ind2="0" tag="245">
      <marc:subfield code="b">Ein Streifzug durch Struktur, Kultur und Ehrenamt</marc:subfield>
   </marc:datafield>
   <marc:datafield ind1=" " ind2="1" tag="264">
      <marc:subfield code="a">Neunkirchen</marc:subfield>
      <marc:subfield code="b">The Essence Publishing Company eine Marke der Cathryn Tailor International GmbH</marc:subfield>
      <marc:subfield code="c">2026</marc:subfield>
   </marc:datafield>
   <marc:datafield ind1="1" ind2=" " tag="520">
      <marc:subfield code="a">Bad Fischau-Brunn, einst als Ort der Frische und des Lebens gepriesen, sah sich in den 1980er-Jahren
&lt;br&gt;
zunehmend mit Umweltbelastungen, Strukturproblemen und Identitätsfragen konfrontiert.
&lt;br&gt;
Doch wo andere nur hingenommen hätten, regte sich Widerstand.
&lt;br&gt;
Ein ehrenamtlicher Verein formierte sich – getragen von Idealismus, Mut und dem tiefen Glauben,
&lt;br&gt;
dass Veränderung vor der eigenen Haustür beginnt. Mit kleinen Projekten wurden große Zeichen gesetzt:
&lt;br&gt;
für den Ort, für die Gemeinschaft, für eine lebenswerte Zukunft.
&lt;br&gt;
Ehrenamt wurde dabei nicht als bloßer Zeitvertreib verstanden, sondern als gelebte Selbstverantwortung.
&lt;br&gt;
Wer sich engagiert, tut Gutes – auch für sich selbst. Denn Sinnhaftigkeit, Gemeinschaft und Gestaltungsfreude
&lt;br&gt;
sind Quellen von Lebensfreude und Gesundheit.
&lt;br&gt;
Dieses Buch ist ein Streifzug durch Jahrzehnte Wandel, durch kulturelle Erneuerung,
&lt;br&gt;
Widerstand und Aufbau – erzählt von jenen, die mitgestaltet haben.
</marc:subfield>
   </marc:datafield>
   <marc:datafield ind1=" " ind2=" " tag="020">
      <marc:subfield code="a">9783950514582</marc:subfield>
      <marc:subfield code="9">9783950514582</marc:subfield>
   </marc:datafield>
   <marc:datafield ind1=" " ind2=" " tag="020">
      <marc:subfield code="a">3950514589</marc:subfield>
      <marc:subfield code="9">3950514589</marc:subfield>
   </marc:datafield>
   <marc:datafield ind1=" " ind2=" " tag="041">
      <marc:subfield code="a">ger</marc:subfield>
   </marc:datafield>
   <marc:datafield ind1=" " ind2=" " tag="300">
      <marc:subfield code="a">264 Seiten</marc:subfield>
   </marc:datafield>
</marc:record>
